15 principales países con muertes de Covid-19 - 5 de julio - Estadísticas

Estadísticas generales
  • Esta prueba ha sido intentada 5 veces
  • La puntuación promedio es 14 de 19
Estadísticas de respuestas
país % Correcto
Alemania
100%
Brasil
100%
Canadá
100%
España
100%
Estados Unidos
100%
Italia
100%
México
100%
Reino Unido
100%
Rusia
100%
Francia
75%
India
75%
Bélgica
50%
Chile
50%
Ecuador
50%
Irán
50%
Países Bajos
50%
Suecia
50%
Irlanda
25%
Perú
0%
No se encontraron pruebas coincidentes
Distribución de puntuación
Porcentaje de gente con cada puntuación
Porcentaje por número respondido
Historial de tus puntuaciones
No has intentado esta prueba.